| 000 | 02062nam a2200313 i 4500 | ||
|---|---|---|---|
| 001 | 768714001 | ||
| 003 | CO-MdFUSB | ||
| 005 | 20210419100811.0 | ||
| 007 | ta | ||
| 008 | 200701t1970 sp |||| |||| 00| 0 spa d | ||
| 020 | _a[No incluye ISBN] | ||
| 040 |
_aCO-MdFUSB _bspa _cCO-MdFUSB _dCO-MdFUSBC _erda |
||
| 041 | _aspa | ||
| 082 |
_223 _a262 _bK96 |
||
| 100 | 1 |
_aKüng, Hans, _d1928- _eautor |
|
| 245 | 1 |
_aSinceridad y veracidad _b: en torno al futuro de la iglesia _c/ Hans Küng |
|
| 264 | 1 |
_aBarcelona, España : _bHerder, _c[1970] |
|
| 264 | 4 | _c©1970 | |
| 300 |
_c209 páginas ; _a22 cm |
||
| 336 |
_2rdacontent _atexto _btxt |
||
| 337 |
_2rdamedia _asin mediación _bn |
||
| 338 |
_2rdacarrier _avolumen _bnc |
||
| 505 | _aUnas palabras sobre la situación -- La sinceridad, exigencia fundamental formulada a la iglesia -- La pasión por la sinceridad en el siglo xx -- Antecedentes históricos de la falta de sinceridad -- La sinceridad, imperativo del mensaje de Jesús -- Consecuencias con vistas al futuro -- La verdacidad puesta en práctica -- Un reto a la iglesia -- Evolución de las virtudes -- La sinceridad es también un peligro -- La iglesia institucional ¿Obstáculo para un cristianismo sincero? -- Sinceridad en la reforma práctica -- Comienzo de una transformación -- ¿Variaciones de rumbo en la doctrina? -- ¿Manipulación de la verdad? -- Perspectivas -- Apéndice: sobre la regulación de la natalidad | ||
| 520 | _aEn sinceridad y veracidad, Hans Küng señaka el punto de vista decisivo para apreciar debidamente la problemática de nuestra iglesia en nuestro tiempo, las crisis que la agitan y las esperanzas que alientan en todos los cristianos de buen voluntad. La sinceridad es una exigencia fundamental en la iglesia después del concilio y al mismo tiempo constituye la piedra de toque para el futuro, pues nuestro tiempo tiene una sensibilidad agudiza por todo cuanto significa sentido de justicia, autenticidad y veracidad. | ||
| 563 | _aRústico | ||
| 653 | _aEclesiología | ||
| 942 | _cBK | ||
| 945 | _aDani | ||
| 999 |
_c66386 _d66386 |
||